01827cam a2200241Ia 4500020001500000020001800015040000800033082002600041245012500067246009300192246001300285260005000298300003300348500002000381500006900401520095500470650002801425650002401453650002201477650002001499650002501519710004101544 a0195305116 a9780195305111 cXNC a338 OXF 2005 A078 Or.00aHuman development report 2005 :binternational cooperation at a crossroads : aid, trade and security in an unequal world3 aInternational cooperation at a crossroads :baid, trade and security in an unequal world18aHDR 2005 a[New York :bOxford University Press],cc2005 axvi, 372 p. :bill. ;c28 cm aErrata inserted a"Published for the United Nations Development Programme (UNDP)."1 a"This year's Human Development Report takes stock of human development, including progress towards the MDGs. Looking beyond statistics, it highlights the human costs of missed targets and broken promises. Extreme inequality between countries and within countries is identified as one of the main barriers to human development - and as a powerful brake on accelerated progress towards the MDGs." "New approaches to international cooperation are vital if the promise of the Millennium Declaration is to be realized. Practical action is needed to make the next 10 years a "decade for development." Focusing on aid, trade and security, three of the central pillars of international cooperation, Human Development Report 2005 sets out a bold analysis of the problems and identifies solutions. It argues that rich countries need to move beyond encouraging words to align their policies with the commitments made in the Millennium Declaration."--BOOK JACKET 0aSecurity, International 0aInternational trade 0aSocial indicators 0aQuality of life 0aEconomic development2 aUnited Nations Development Programme